000 02286cam a22001934a 4500
005 20250605164340.0
008 250528s ||||||||||||||||||||||||d
035 _a23564
040 _aGR-AtMCL
_bgre
_dGR-AtMCL
_eAACR2
245 1 _aΟι Επιπτώσεις της Οικονομικής Κρίσης (2008-2012) στο Ελληνικό Λιανεμπόριο (Super Market) και οι Δυνατότητες Ανάπτυξης των Ισχυρών Οργανισμών του Κλάδου.
260 _c2015
300 _a45
520 _aΕισαγωγή, ο Κλάδος των Super Market, η Διάρθρωση του στην Ελληνική Αγορά, Συνολική Εικόνα του Κλάδου την Περίοδο της Κρίσης, η Τάση του Κλάδου την Περίοδο της Κρίσης 2008-2011, Αριθμός Υποκαταστημάτων του Κλάδου, Επενδυτική Δραστηριότητα του Κλάδου, Συνολικά Συμπεράσματα για τον Κλάδο κατά τα Διαθέσιμα Έτη της Κρίσης 2008-2011, Εξαγορές - Συγχωνεύσεις - Διεθνείς Εμπειρίες και Πρακτικές, Μελέτη Περίπτωσης: η Πτώχευση της ΑΤΛΑΝΤΙΚ Α.Ε.Ε, Ιστορική Αναδρομή της Εταιρίας ΑΤΛΑΝΤΙΚ Α.Ε.Ε, η Νεώτερη Ελληνική Αλυσίδα Super Market με τη Ραγδαία Ανάπτυξη Αγωνίζεται να μην Κηρύξει Πτώσευση, η Σύντομη Παραμονή της ALDI A.E στο Ελληνικό Λιανεμπόριο, Εξαγορά και Επενδύσεις απο Ανταγωνιστές, Εξαγορά και Επενδύσεις απο την ΒΑΣΙΛΟΠΟΥΛΟΣ Α.Β.Ε.Ε ΣΚΛΑΒΕΝΙΤΗΣ Α.Ε.Ε LIDL HELLAS και ΣΙΑ Ο.Ε ,η Ιστορική Αναδρομή της CARREFOUR στο Ελληνικό Λιανεμπόριο, Συμπεράσματα και Προτάσεις, Βιβλιογραφία.
700 1 _aΓιαννόπουλος Αριστομενίδης
_99145
700 1 _aΣταυρόπουλος Γεώργιος
_99146
942 _cDS
999 _c8565
_d8565